Language Quiz

Random Language or Spanish Quiz

Spanish 3A Vocabulary Quiz Stats

Quiz not verified by Sporcle

Challenge
Share
Tweet
Embed
Score 0/21 Timer 10:00
0 Plays Today
Hint Answer % Correct
SaladLa ensalada
90.9%
StrawberriesLas fresas
90.9%
CookiesLas galletas
90.9%
HamEl jamon
81.8%
AppleLa manzana
81.8%
OrangeLa naranja
81.8%
HamburgerLa hamburguesa
72.7%
PizzaLa pizza
72.7%
CheeseEl queso
72.7%
SoupLa sopa
72.7%
CerealEl cereal
72.7%
Hint Answer % Correct
EggsLos huevos
72.7%
BreadEl pan
72.7%
BananaEl platano
72.7%
YogurtEl yogur
72.7%
French friesLas papas fritas
63.6%
SausageLa salchicha
63.6%
Hot dogEl perrito caliente
54.5%
SandwichEl sandwich
54.5%
BaconEl tocino
54.5%
ToastEl pan tostado
45.5%

You're not logged in!

Compare scores with friends on all Sporcle quizzes.
Sign Up with Email
OR
Log In

You Might Also Like...

Show Comments

Extras

Top Quizzes Today


Score Distribution

Your Account Isn't Verified!

In order to create a playlist on Sporcle, you need to verify the email address you used during registration. Go to your Sporcle Settings to finish the process.

Report this User

Report this user for behavior that violates our Community Guidelines.

Details: